| 000 | 00740nam a2200229 4500 | ||
|---|---|---|---|
| 999 |
_c20888 _d20888 |
||
| 003 | AR-CdUCM | ||
| 008 | 190405b ||||| |||| 00| 0 spa d | ||
| 040 |
_aMUNICIPALIDAD PROVINCIAL DEL CUSCO _cBIBLIOTECA MUNICIPAL DEL CUSCO |
||
| 082 |
_aEP / 372 / _bP48 |
||
| 100 |
_aPetersham, Maud y Petersham, Miska _943591 |
||
| 245 |
_aEl libro de los transportes : _bNarración para niños / |
||
| 260 |
_aBarcelona : _bJuventud, |
||
| 300 |
_bIlustraciones, graficos, dibujos; _c20 cm. |
||
| 500 | _aCuento infantil | ||
| 505 | _aContenido: los transportes. | ||
| 650 |
_aCuentos _9217 |
||
| 650 |
_aHistoria _9136 |
||
| 650 |
_aTexto educativo _925832 |
||
| 650 |
_aCuaderno de lectura _927506 |
||
| 942 |
_2ddc _cLIBROS |
||
| 945 | _aJavier | ||